Gaming Quiz

Random Gaming Quiz

Clash Royale Commons Quiz Stats

 Plays Quiz not verified by Sporcle

Also try: Clash Royale Rares
Challenge
Share
Tweet
Embed
Score 0/19 Timer 02:00
0 Plays Today
Arena Common Cards % Correct
Goblin StadiumGoblin
93.6%
Goblin StadiumSpear Goblin
90.7%
Training CampArchers
88.6%
Bone PItSkeletons
87.9%
Training CampKnight
84.3%
Bone PItMinions
82.9%
Barbarian BowlBarbarians
82.1%
Spell ValleyFire Spirits
78.6%
Frozen PeakIce Spirit
78%
Training CampArrows
77.1%
Arena Common Cards % Correct
P.E.K.K.A's PlayhouseMinion Horde
75.7%
Training CampBomber
74.3%
Royal ArenaRoyal Giant
72.1%
Spell ValleyZap
71.4%
Royal ArenaElite Barbarians
68.3%
Barbarian BowlCannon
66.4%
Jungle ArenaGoblin Gang
65.1%
Builder's WorkshopMortar
61.4%
P.E.K.K.A's PlayhouseTesla
59.3%

You're not logged in!

Compare scores with friends on all Sporcle quizzes.
Join for Free
OR
Log In

You Might Also Like...

Show Comments

Extras

Top Quizzes Today


Score Distribution

Your Account Isn't Verified!

In order to create a playlist on Sporcle, you need to verify the email address you used during registration. Go to your Sporcle Settings to finish the process.

Report this User

Report this user for behavior that violates our Community Guidelines.

Details: